000 00527nam a2200181Ia 4500
008 100917s9999 xx 000 0 und d
082 _b14484
100 _aभिडे भि. गो.
245 _aखलीफतीची स्थापना
260 _b---
_c1920
300 _a390
365 _b4
520 _aकादंबरी
630 _aखलीफतीची स्थापना
650 _aकादंबरी
730 _aखलीफतीची स्थापना
942 _cBOOK
999 _c619878
_d619875